| 000 | 00697nam a22002297a 4500 | ||
|---|---|---|---|
| 005 | 20160801151439.0 | ||
| 010 | _aENG-115602 | ||
| 020 |
_a9789351436799 _c695.00 |
||
| 035 | _aEN-99134 | ||
| 037 | _bDBAD/PUB | ||
| 082 | _a000 | ||
| 100 | _aRashid M.A. | ||
| 245 |
_aUltimate guide to the LLB entrance examination 2016 / _cM.A. Rashid [and] Nisa fasil |
||
| 250 | _a8th ed. | ||
| 260 |
_aGurgaon _bLexisNexis _c2016 |
||
| 270 |
_a14th Floor,Building No-10,Tower-B,DLF Cyber City, Phase-II _bGurgaon _e122002 |
||
| 300 |
_axxvi,1163p. _c24cm(pbk) |
||
| 490 | _aBest choice for CLAT | ||
| 500 | _aIncludes index | ||
| 700 | _aNisa Fasil | ||
| 942 |
_2ddc _cEN _mRAS _h000 |
||
| 999 |
_c100317 _d100317 |
||